| 000 | 00000nam 2200000zi 4500 |
| 001 | 9.867929 |
| 003 | CaOODSP |
| 005 | 20221107162438 |
| 006 | m o d f |
| 007 | cr ||||||||||| |
| 008 | 190201s1960 onc ot f|0| 0 eng d |
| 040 | |aCaOODSP|beng|erda|cCaOODSP |
| 041 | |aeng|bfre |
| 043 | |an-cn--- |
| 086 | 1 |aM38-1/68-1960E-PDF |
| 100 | 1 |aMcGrath, J. T., |eauthor. |
| 245 | 10|aMechanical and structural changes during the deformation of copper by fatigue / |cby J. T. McGrath and R. C. A. Thurston. |
| 264 | 1|aOttawa, Ontario : |bDepartment of Mines and Technical Surveys, |c1960. |
| 300 | |a1 online resource (iv, 20 pages) |
| 336 | |atext|btxt|2rdacontent |
| 337 | |acomputer|bc|2rdamedia |
| 338 | |aonline resource|bcr|2rdacarrier |
| 490 | 1 |aMines Branch Research Report ; |vR 68 |
| 500 | |a"July, 1960." |
| 504 | |aIncludes bibliographic references. |
| 520 | |a"The structural changes which take place in polycrystalline copper under the action of alternating cycles of torsion stress were studied, using the optical microscope and the X-ray diffraction camera, and an attempt was made to correlate them with changes in the shape of the cyclic stress-strain curve. It was found that the period of work-hardening was less than one per cent of the fatigue life, and that persistent surface markings, which are assumed to be incipient or actual microcracks, occur upon completion of work-hardening. X-ray diffraction patterns revealed considerable grain distortion at the completion of work-hardening in specimens cycled at a high strain amplitude This distortion became progressively less as the strain amplitude decreased"--Abstract, page i. |
| 546 | |aIncludes abstract in French. |
| 692 | 07|2gccst|aMetals |
| 700 | 1 |aThurston, R. C. A., |eauthor. |
| 710 | 1 |aCanada. |bDepartment of Mines and Technical Surveys. |
| 710 | 1 |aCanada. |bMines Branch. |
| 830 | #0|aResearch report (Canada. Mines Branch)|vR 68. |w(CaOODSP)9.855660 |
| 856 | 40|qPDF|s3.85 MB|uhttps://publications.gc.ca/collections/collection_2019/rncan-nrcan/m38-1/M38-1-68-1960-eng.pdf |